Từ điển lời hay ý đẹp

Sparad:
Bibliografiska uppgifter
Huvudupphovsman: NGUYỄN HÙNG TRƯƠNG
Materialtyp: Bok
Språk:Undetermined
Publicerad: Thanh Niên 2002
Taggar: Lägg till en tagg
Inga taggar, Lägg till första taggen!
Thư viện lưu trữ: Trung tâm Học liệu Trường Đại học Cần Thơ
LEADER 00426nam a2200145Ia 4500
001 CTU_49827
008 210402s9999 xx 000 0 und d
082 |a 398.9 
082 |b T550/T2 
100 |a NGUYỄN HÙNG TRƯƠNG 
245 0 |a Từ điển lời hay ý đẹp 
245 0 |c NGUYỄN HÙNG TRƯƠNG 
260 |b Thanh Niên 
260 |c 2002 
980 |a Trung tâm Học liệu Trường Đại học Cần Thơ